| 000 | 00595nam a22002052 4500 | ||
|---|---|---|---|
| 001 | 20864 | ||
| 003 | BD-RjUL | ||
| 005 | 20211209000624.0 | ||
| 008 | 140302s1956 xxka 000 0 eng d | ||
| 035 | _a(BD-RjUL)20926 | ||
| 040 |
_aUKM _cUKM _dEQO _dBD-RjUL _beng |
||
| 041 | _aeng | ||
| 082 | 0 | 4 |
_a448.6421 _218 _bWHF 1956 |
| 100 | 1 |
_aWhitmarsh, W. F. H. _964440 |
|
| 245 | 1 | 2 |
_aA first French reader / _cillustrated by Jennetta Vise. |
| 260 |
_aLondon : _bLongmans, Green, _c1956. |
||
| 300 |
_ax, 181 p. : _bill. ; _c19 cm. |
||
| 650 | 0 |
_aFrench language _vGrammar _y1870 _964441 |
|
| 942 |
_2ddc _cBK |
||
| 999 |
_c20864 _d20864 |
||